Power Rangers Dino Thunder - Statistics

General Stats
  • This quiz has been taken 131 times
  • The average score is 10 of 16
Answer Stats
Hint Answer % Correct
A Power Ranger legend, Dino Thunder Black Thomas “Tommy” Oliver
96%
Computer whiz, Dino Thunder Blue Ethan James
87%
Hopeful musician, Dino Thunder Yellow Kira Ford
86%
Adopted son of Anton Mercer, Dino Thunder White Trent Fernandez-Mercer
84%
Aspiring soccer player, Dino Thunder Red Conner McKnight
80%
Dino Thunder Red’s dinosaur Tyrannosaurus Rex
67%
Dino Thunder Blue’s dinosaur Triceratops
60%
Source of the PR’s powers Dino Gems
56%
Dino Thunder Black’s dinosaur Brachiosaurus
52%
Dino Thunder White’s dinosaur Drago
51%
Main villain, Dino-Humanoid Mesogog
51%
The team’s technical advisor/enginner Hayley Ziktor
49%
Dino Thunder Yellow’s dinosaur Pterodactyl
48%
Main villain’s henchwoman, "Principal Randall" Elsa
46%
Main villain’s henchman, made of metal Zeltrax
39%
Main villain’s foot soldiers Tyrannadrones
6%
No matching quizzes found
Score Distribution
Percent of People with Each Score
Percentile by Number Answered
Your Score History
You have not taken this quiz